THE DIGITAL SIGNAL PROCESSING (Record no. 22413)

MARC details
000 -LEADER
fixed length control field 00320nam a22001457a 4500
003 - CONTROL NUMBER IDENTIFIER
control field SGT
020 ## - INTERNATIONAL STANDARD BOOK NUMBER
International Standard Book Number 978-1-4200-4608-3
082 ## - DEWEY DECIMAL CLASSIFICATION NUMBER
Classification number 621.3822
Item number MAD
100 ## - MAIN ENTRY--PERSONAL NAME
Personal name MADISCTTI, VIJAY K.
245 ## - TITLE STATEMENT
Title THE DIGITAL SIGNAL PROCESSING
250 ## - EDITION STATEMENT
Edition statement 2ND
260 ## - PUBLICATION, DISTRIBUTION, ETC. (IMPRINT)
Place of publication, distribution, etc LONDON
Name of publisher, distributor, etc CRC
Year of Publication 2010
300 ## - PAGE DESCRIPTION
No. of Pages I-12
942 ## - ADDED ENTRY ELEMENTS (KOHA)
Source of classification or shelving scheme Dewey Decimal Classification
Koha item type Books
Holdings
Withdrawn status Lost status Source of classification or shelving scheme Damaged status Not for loan Collection code Home library Current library Shelving location Date acquired Vendor Name SGTU Bill Number Full call number Accession No. (Barcode) Date last seen Bill Date Koha item type
    Dewey Decimal Classification   Not For Loan SCIENCE SGT Science & Social Sciences Library SGT Science & Social Sciences Library Reference Book 05/03/2022 ABC SGTU 13842 621.3822 MAD PS6641 05/03/2022   Books